Normal view
MARC view
- Amna Shahid
Entry Personal Name
001 - CONTROL NUMBER
- control field: 84346
003 - CONTROL NUMBER IDENTIFIER
- control field: NUST
005 - DATE AND TIME OF LATEST TRANSACTION
- control field: 20211117122013.0
008 - FIXED-LENGTH DATA ELEMENTS
- fixed length control field: 211117|| aca||aabn | a|a d
040 ## - CATALOGING SOURCE
- Original cataloging agency: NUST
- Transcribing agency: NUST
100 ## - HEADING--PERSONAL NAME
- Personal name: Amna Shahid
670 ## - SOURCE DATA FOUND
- Source citation: Work cat.: (NUST): Amna Shahid , TH-SOF-1876-Image Popularity Prediction (IPP) Over Time Using Machine Learning Techniques, 2021.
